000 01732nam a22004337a 4500
003 CHAP
005 20220329143937.0
008 121015s2012 mx r 00010 spa d
010 _a104077
011 _a105049
035 _a115741
040 _cCHAP
090 _aTesis
100 1 _aRamírez Maldonado, Salomón.
_994123
245 1 0 _aAnálisis económico y perspectivas de la producción de maíz en México (2006-2010)
_h[En línea]
_c/por Salomón Ramírez Maldonado
260 _aChapingo, Méx. :
_bEl autor,
_c2012
500 _aPara ver el contenido del material haga clic en la liga
502 _aTesis (Lic. en Economía Agrícola) -- UACH. División de Ciencias Económico Administrativas
590 _aALEPH
_b10
_c20130110
_lUCH01
_h1547
590 _aBATCH-UPD
_b10
_c20130110
_lUCH01
_h0343
590 _aBATCH-UPD
_b10
_c20130409
_lUCH01
_h2251
590 _aBATCH-UPD
_b10
_c20130409
_lUCH01
_h2335
590 _aBATCH-UPD
_b10
_c20130409
_lUCH01
_h2339
590 _aBATCH-UPD
_b10
_c20130409
_lUCH01
_h2340
590 _aBATCH-UPD
_b10
_c20130914
_lUCH01
_h0142
590 _aBATCH-UPD
_b10
_c20130914
_lUCH01
_h0147
590 _aBATCH-UPD
_b10
_c20140324
_lUCH01
_h1535
590 _aBATCH-UPD
_b10
_c20141002
_lUCH01
_h0856
590 _aCONVERSION
_b10
_c20130109
_lUCH01
_h1357
650 0 4 _aMaíz
_xAnálisis.
_970861
650 0 4 _aMaíz
_xAspectos económicos
_xMéxico.
_970874
650 0 4 _aMaíz
_xProducción.
_971041
650 0 4 _aMaíz
_xRendimiento.
_971051
856 _3Finding aid
_uhttp://10.13.5.2/tesis/115741.pdf
_zTeclea aqui
901 _aBK
942 _cFOLL
949 _aTesis
_bBC
_cTES
_d33724002349066
_eTS2
_fc.2
_h54180
_i115741
_st
949 _aTesis
_bBC
_cTES
_d33724002349108
_eTS1
_h54179
_i115741
_st
999 _c104077
_d104077